A basic english grammar with exercises : Self-study edition /

Na minha lista:
Detalhes bibliográficos
Main Authors: Eastwood, John (Author), Mackin, Ronald (Author)
Formato: Livro
Idioma:inglês
Publicado em: Oxford : Oxford University Press, 1994
Edição:1.vyd.
Assuntos:
Tags: Adicionar Tag
Sem tags, seja o primeiro a adicionar uma tag!

MARC

LEADER 00000nam a22000003a 4500
001 stu8229
005 20150617225805.8
008 951108s1994----uk------------------eng-d
020 |a 0-19-432938-0 
040 |a STU  |b slo 
041 0 |a eng 
044 |a uk 
080 |a 802.0-5 
100 1 |a Eastwood, John  |4 aut 
245 1 |a A basic english grammar with exercises :  |b Self-study edition /  |c [aut.] Eastwood,John; Mackin,Ronald 
250 |a 1.vyd. 
260 |a Oxford :  |b Oxford University Press,  |c 1994 
300 |a 240 s 
650 7 |a angličtina  |2 stusub 
650 7 |a gramatika  |2 stusub 
700 1 |a Mackin, Ronald  |4 aut 
996 |b E80214  |c E*80214  |l EE18  |s P  |a 0  |w stu8229_0001